| 000 | 00793 a2200253 4500 | ||
|---|---|---|---|
| 001 | 119132 | ||
| 003 | OSt | ||
| 005 | 20240403133045.0 | ||
| 008 | 240403b |||||||| |||| 00| 0 ENG d | ||
| 020 | _a9780241303054 | ||
| 020 | _qenc. | ||
| 040 |
_aBR-BrIDEA _cBR-BrIDEA |
||
| 041 | _aeng | ||
| 082 | _a821.7 | ||
| 090 |
_aP Year 7 821 _bBLA |
||
| 100 | _aBlake, William | ||
| 245 | 1 | 0 |
_aSongs of innocence and of experience _cWilliam Blake |
| 260 |
_aLondon _bPenguim Classics _c2005 |
||
| 300 |
_a102 p. _bill. |
||
| 520 | _aThis book is one of the best-loved poetry collections of all time, an innovative and groundbreaking experiment in which Blake intertwined text and image to dazzling effect | ||
| 697 | _aEnglish poetry. | ||
| 856 | _u000034/00003438.jpg | ||
| 942 |
_cBK _2udc |
||
| 999 |
_c119132 _d119132 |
||